| 000 | 00482nam a2200169Ia 4500 | ||
|---|---|---|---|
| 008 | 180921t2015 xxu||||| |||| 00| 0 sin d | ||
| 041 | _asin | ||
| 080 |
_a294.3 _bBAM |
||
| 100 | _aBamunusinghe Arachchi, Pallapitiye | ||
| 245 | _aසීල සමාදානය හා එහි ආනිශංස | ||
| 246 | _aSila Samadana Ha Ehi Anishansa | ||
| 260 |
_bGodage _aColombo _c2015 |
||
| 300 | _b80p, 22cm | ||
| 942 | _cBK | ||
| 999 |
_c721 _d721 |
||
| 003 | LK-CoDNM | ||
| 040 |
_aLK-CoDNM _dLK-CoDNM _eLK-CoDNM |
||